000 00502cam a22002051 4500
001 sa 65006266
003 DLC
005 20260227112141.0
008 890510s1965 ii 000 0 hino
010 _asa 65006266
035 _a(OCoLC)19688971
040 _aDLC
_cWaU
_dDLC
042 _apremarc
050 0 0 _aPK2033
_b.S25
100 1 _aŚarmā, Manamohana Lāḷa Jagannātha.
245 1 0 _aSāhityika-nibandha.
260 _c[1965]
300 _a2, 2, 357 p.
_c23 cm.
500 _aIn Hindi.
999 _c64586
_d64586